000 00551cam a2200217 a 4500
001 3332396
005 20180115073911.0
008 850611s1985 enk b 001 0 eng
010 _a 85013846
020 _a0192892010 (pbk.) :
_c$6.50
040 _aDLC
_cDLC
_dDLC
041 _aeng
080 _a501
082 0 0 _a501 HAR
_219
100 1 _a24
101 _aFIL
245 1 4 _aThe philosophies of science /
_cRom Harré.
504 _aBibliography: p. [196]-198.
906 _a7
_bcbc
_corignew
_d1
_eocip
_f19
_gy-gencatlg
942 _2ddc
_cBK
999 _c40280
_d40280